| 000 | 00382cam a22001217a 4500 | ||
|---|---|---|---|
| 008 | 180718b xxu||||| |||| 00| 0 eng d | ||
| 082 | _aD6 B927 | ||
| 245 |
_aInternational organisations _cby Burmah-Shell. Economics Department |
||
| 260 |
_a _bEconomics Department, Burmah-Shell _c |
||
| 300 | _a50p. | ||
| 650 | _aInternational Organizations | ||
| 700 | _aBurmah-Shell. Economic Department | ||
| 999 |
_c361179 _d361179 |
||